000 00529nam a22002177a 4500
003 UA-OsUOA
001 87094
007 ta
008 20120914b un ||||| |||| 00| 0 ukr d
090 _a82.09
_bЛ 63
942 _cBK
040 _aUA-OsUOA
_bukr
_cUA-OsUOA
_dUA-OsUOA
245 _aЛисти у вічність. Спогади про Юрія Яновського
300 _a349 с.
955 _a3
041 _aukr
080 _a82.09
260 _aК.
_bДніпро
_c1980
650 7 _2UDC
999 _c373385
_d373385